Text book of electrical technology, Vol 2 / (Record no. 7336)
[ view plain ]
| 000 -LEADER | |
|---|---|
| fixed length control field | 00300cam a2200121ua 4500 |
| 082 ## - DEWEY DECIMAL CLASSIFICATION NUMBER | |
| Classification number | 621.301 |
| Item number | THE/TE |
| 100 ## - MAIN ENTRY--AUTHOR NAME | |
| Personal name | Theraja, B L. |
| 245 ## - TITLE STATEMENT | |
| Title | Text book of electrical technology, Vol 2 / |
| 250 ## - EDITION STATEMENT | |
| Edition statement | 6 / |
| 260 ## - PUBLICATION, DISTRIBUTION, ETC. (IMPRINT) | |
| Place of publication | New Delhi : |
| Name of publisher | Niraj Publications , |
| Year of publication | 1966. |
| 300 ## - PHYSICAL DESCRIPTION | |
| Number of Pages | 1626 ; . |
| 942 ## - ADDED ENTRY ELEMENTS (KOHA) | |
| Koha item type | Books |
| Withdrawn status | Lost status | Damaged status | Home library | Current library | Date acquired | Full call number | Accession Number | Koha item type |
|---|---|---|---|---|---|---|---|---|
| KAUAET | KAUAET | 07/04/2012 | 621.301 | 8553 | Books | |||
| KAUAET | KAUAET | 07/04/2012 | 621.301 | 8549 | Books | |||
| Withdrawn | KAUAET | KAUAET | 07/04/2012 | 621.301 | 8554 | Books |
